[Event "Niedersachsen-ch op-A"]
[Site "Verden an der Aller"]
[Date "2020.01.04"]
[Round "5"]
[White "Behn, Cord"]
[Black "Kueck, Artur"]
[Result "1/2-1/2"]
[WhiteElo "1827"]
[BlackElo "1927"]
[PlyCount "41"]
[EventDate "2020.01.02"]
[EventType "swiss"]
[EventRounds "7"]
[EventCountry "GER"]
[SourceTitle "EXT 2023"]
[Source "ChessBase"]
[SourceDate "2022.10.05"]
[SourceVersion "1"]
[SourceVersionDate "2022.10.05"]
[SourceQuality "1"]

1. c4 c5 2. Nc3 Nf6 3. g3 g6 4. Bg2 Bg7 5. e3 Nc6 6. d4 cxd4 7. exd4 d6 8. Nf3 0-0 9. 0-0 Bg4 10. h3 Bd7 11. Be3 Qc8 12. Kh2 h6 13. Rc1 Nh5 14. Nd5 e6 15. Nf4 Nxf4 16. Bxf4 e5 17. dxe5 dxe5 18. Be3 Rd8 19. Qb3 Qc7 20. Rfd1 Be6 21. Nd2 1/2-1/2

[Event "Niedersachsen-ch op-A"]
[Site "Verden an der Aller"]
[Date "2020.01.03"]
[Round "4"]
[White "Kueck, Artur"]
[Black "Rossberg, Jonathan"]
[Result "1/2-1/2"]
[WhiteElo "1927"]
[BlackElo "1834"]
[PlyCount "37"]
[EventDate "2020.01.02"]
[EventType "swiss"]
[EventRounds "7"]
[EventCountry "GER"]
[SourceTitle "EXT 2023"]
[Source "ChessBase"]
[SourceDate "2022.10.05"]
[SourceVersion "1"]
[SourceVersionDate "2022.10.05"]
[SourceQuality "1"]

1. d4 Nf6 2. Bf4 d5 3. e3 c5 4. Nd2 cxd4 5. exd4 Nc6 6. c3 Qb6 7. Qb3 Qxb3 8. axb3 e6 9. h3 Be7 10. Ngf3 0-0 11. Bd3 b6 12. 0-0 Na5 13. b4 Nb7 14. Ba6 Nd6 15. Ne5 Bxa6 16. Rxa6 Rfc8 17. Rfa1 Nb5 18. Be3 Bd6 19. Nd3 1/2-1/2

[Event "Niedersachsen-ch op A"]
[Site "Verden"]
[Date "2018.01.06"]
[Round "6"]
[White "Kueck, Artur"]
[Black "Niemann, Leon Pascal"]
[Result "1-0"]
[WhiteElo "1834"]
[BlackElo "1726"]
[PlyCount "43"]
[EventDate "2018.01.04"]
[EventType "swiss"]
[EventRounds "7"]
[EventCountry "GER"]
[SourceTitle "EXT 2022"]
[Source "ChessBase"]
[SourceDate "2021.10.06"]
[SourceVersion "1"]
[SourceVersionDate "2021.10.06"]
[SourceQuality "1"]

1. e4 c5 2. c4 Nc6 3. Nf3 g6 4. d4 cxd4 5. Nxd4 Bg7 6. Be3 Nf6 7. Nc3 0-0 8. Be2 d6 9. 0-0 Nxd4 10. Bxd4 Nd7 11. Bxg7 Kxg7 12. Qd4+ Kg8 13. Nd5 Nc5 14. f4 f5 15. e5 Ne6 16. Qc3 b6 17. Bf3 Rb8 18. Rad1 Bb7 19. Rfe1 Nc7 20. exd6 Nxd5 21. Bxd5+ Bxd5 22. dxe7 1-0

[Event "Niedersachsen-ch op A"]
[Site "Verden"]
[Date "2018.01.05"]
[Round "4"]
[White "Kueck, Artur"]
[Black "Brockmeyer, Tobias"]
[Result "0-1"]
[WhiteElo "1834"]
[BlackElo "1684"]
[PlyCount "112"]
[EventDate "2018.01.04"]
[EventType "swiss"]
[EventRounds "7"]
[EventCountry "GER"]
[SourceTitle "EXT 2022"]
[Source "ChessBase"]
[SourceDate "2021.10.06"]
[SourceVersion "1"]
[SourceVersionDate "2021.10.06"]
[SourceQuality "1"]

1. e4 e6 2. d4 d5 3. exd5 exd5 4. Nf3 Bd6 5. Bd3 Ne7 6. h3 Bf5 7. 0-0 Nbc6 8. c3 Qd7 9. Bxf5 Qxf5 10. Be3 0-0-0 11. b4 Kb8 12. a4 f6 13. a5 Nc8 14. b5 N6e7 15. Na3 g5 16. Qb1 h5 17. Qxf5 Nxf5 18. Rfe1 g4 19. hxg4 hxg4 20. Nd2 Rde8 21. Nc2 Re7 22. g3 Reh7 23. Kf1 Rh2 24. Rab1 Bxg3 25. fxg3 Nxe3+ 26. Nxe3 Rxd2 27. Kg1 Rd3 28. Rbc1 Nd6 29. b6 cxb6 30. axb6 Ne4 31. bxa7+ Kxa7 32. Ra1+ Kb8 33. Nxd5 Rxg3+ 34. Kf1 Rh1+ 35. Ke2 Rxe1+ 36. Rxe1 Nxc3+ 37. Nxc3 Rxc3 38. Rf1 Rf3 39. Rg1 f5 40. Rc1 f4 41. d5 Re3+ 42. Kf1 Rd3 43. Rc4 Rxd5 44. Rxf4 Rg5 45. Rf2 g3 46. Rg2 b5 47. Ke2 Kc7 48. Kd3 Kd6 49. Ke3 Kc5 50. Kd3 Kb4 51. Kc2 Ka3 52. Kb1 b4 53. Ra2+ Kb3 54. Rg2 Kc3 55. Rc2+ Kd3 56. Rg2 Ke3 0-1

[Event "Pardubice Czech op-C 28th"]
[Site "Pardubice"]
[Date "2017.07.23"]
[Round "2"]
[White "Bobak, Martin"]
[Black "Kueck, Artur"]
[Result "1/2-1/2"]
[WhiteElo "2005"]
[BlackElo "1728"]
[PlyCount "60"]
[EventDate "2017.07.22"]
[EventType "swiss"]
[EventRounds "9"]
[EventCountry "CZE"]
[SourceTitle "CBM 179 Extra"]
[Source "ChessBase"]
[SourceDate "2017.08.23"]
[SourceVersion "1"]
[SourceVersionDate "2017.08.23"]
[SourceQuality "1"]

1. d4 d5 2. c4 c6 3. Nc3 Nf6 4. Nf3 e6 5. Bg5 Be7 6. e3 Nbd7 7. Qc2 0-0 8. cxd5 exd5 9. Bd3 h6 10. Bh4 Nb6 11. Ne5 Nfd7 12. Bxe7 Qxe7 13. Nf3 Nf6 14. h3 Be6 15. 0-0-0 Nbd7 16. g4 c5 17. g5 hxg5 18. Nxg5 c4 19. Bxc4 dxc4 20. d5 Nc5 21. dxe6 fxe6 22. Rdg1 Nd3+ 23. Kb1 Nh7 24. Nce4 Nxg5 25. Rxg5 Nxf2 26. Rhg1 Nxe4 27. Qxe4 Rf7 28. Rh5 Qd7 29. Qxc4 Rd8 30. Re5 Rf6 1/2-1/2

[Event "Niedersachsen-ch op"]
[Site "Verden"]
[Date "2016.01.05"]
[Round "6"]
[White "Finke, Harald"]
[Black "Kueck, Artur"]
[Result "0-1"]
[WhiteElo "1882"]
[BlackElo "1665"]
[PlyCount "66"]
[EventDate "2016.01.03"]
[EventType "swiss"]
[EventRounds "7"]
[EventCountry "GER"]
[SourceTitle "EXT 2018"]
[Source "ChessBase"]
[SourceDate "2017.10.13"]
[SourceVersion "1"]
[SourceVersionDate "2017.10.13"]
[SourceQuality "1"]

1. d4 d5 2. Nf3 Nf6 3. e3 Bf5 4. Nbd2 c6 5. c4 e6 6. Nh4 Bg6 7. Nxg6 hxg6 8. g3 Bd6 9. Bg2 Nbd7 10. 0-0 Qe7 11. e4 dxe4 12. Nxe4 Nxe4 13. Bxe4 f5 14. Bg2 0-0-0 15. Re1 f4 16. d5 fxg3 17. hxg3 cxd5 18. Bxd5 Ne5 19. Bg2 Bb4 20. Qe2 Bxe1 21. Qxe5 Rd1 22. Bg5 Rxa1 23. Bf1 Qd7 24. Bf4 Kd8 25. Bg5+ Kc8 26. Bf4 Bxf2+ 27. Kxf2 Rxf1+ 28. Kxf1 Qd1+ 29. Kg2 Qh1+ 30. Kf2 Rh2+ 31. Ke3 Qe1+ 32. Kd3 Rd2+ 33. Kc3 Re2+ 0-1

[Event "Niedersachsen-ch op"]
[Site "Verden"]
[Date "2016.01.03"]
[Round "1"]
[White "Kueck, Artur"]
[Black "Nogatz, Falco"]
[Result "0-1"]
[WhiteElo "1665"]
[BlackElo "1798"]
[PlyCount "54"]
[EventDate "2016.01.03"]
[EventType "swiss"]
[EventRounds "7"]
[EventCountry "GER"]
[SourceTitle "EXT 2018"]
[Source "ChessBase"]
[SourceDate "2017.10.13"]
[SourceVersion "1"]
[SourceVersionDate "2017.10.13"]
[SourceQuality "1"]

1. e4 c6 2. d4 d5 3. exd5 cxd5 4. c4 Nf6 5. Nc3 Nc6 6. c5 g6 7. Nf3 Bg7 8. h3 0-0 9. Bd3 b6 10. 0-0 bxc5 11. dxc5 a5 12. Rb1 Nb4 13. Ne1 Nd7 14. Na4 Nxa2 15. Bd2 Nb4 16. Bxb4 axb4 17. Bb5 Rb8 18. Bxd7 Bxd7 19. Nb6 Bb5 20. Nd3 e6 21. Qd2 Bd4 22. Qxb4 Bxd3 23. Qxd4 Bxf1 24. Kxf1 Qe8 25. Qd3 Qc6 26. b3 Rb7 27. Rc1 Rxb6 0-1

[Event "GER-ch U12"]
[Site "Magdeburg"]
[Date "2014.06.14"]
[Round "11"]
[White "Kueck, Artur"]
[Black "Huber, Benedikt"]
[Result "1/2-1/2"]
[WhiteElo "1490"]
[BlackElo "1588"]
[PlyCount "127"]
[EventDate "2014.06.08"]
[EventType "swiss"]
[EventRounds "11"]
[EventCountry "GER"]
[SourceTitle "CBM 160 Extra"]
[Source "ChessBase"]
[SourceDate "2014.07.01"]
[SourceVersion "1"]
[SourceVersionDate "2014.07.01"]
[SourceQuality "1"]

1. e4 e6 2. d4 d5 3. Nd2 Nf6 4. e5 Nfd7 5. Bd3 c5 6. c3 Nc6 7. Ndf3 cxd4 8. cxd4 f6 9. exf6 Nxf6 10. Nh3 Bd6 11. Bf4 Bxf4 12. Nxf4 0-0 13. 0-0 Ne4 14. Nh3 e5 15. Nxe5 Bxh3 16. Bxe4 dxe4 17. Qb3+ Kh8 18. Qxh3 Nxe5 19. dxe5 Qd4 20. Qc3 Qxc3 21. bxc3 Rfe8 22. Rab1 b6 23. f4 exf3 24. Rxf3 Rxe5 25. Rbf1 Kg8 26. Rf7 Re2 27. Rd7 Rxa2 28. Rff7 Ra1+ 29. Kf2 Rf8 30. Rxf8+ Kxf8 31. Rd8+ Ke7 32. Rg8 Kf7 33. Rd8 Ra3 34. Rd7+ Kf6 35. Rc7 b5 36. Rc6+ Kg5 37. Rc5+ Kf6 38. Rc6+ Kg5 39. Rc5+ Kh6 40. Rxb5 Rxc3 41. Ra5 Rc7 42. Kg3 g6 43. h4 Rc3+ 44. Kh2 Rc4 45. g3 Rc7 46. Kg2 Kg7 47. g4 h6 48. h5 gxh5 49. gxh5 Kf6 50. Kf3 Rg7 51. Kf4 Rg5 52. Ra6+ Kg7 53. Rxa7+ Kg8 54. Ra8+ Kf7 55. Ra7+ Ke8 56. Ra8+ Kd7 57. Ra7+ Kc8 58. Ra8+ Kb7 59. Rh8 Rxh5 60. Kg4 Rh1 61. Kf5 Kc6 62. Kg6 h5 63. Rxh5 Rxh5 64. Kxh5 1/2-1/2

[Event "GER-ch U12"]
[Site "Magdeburg"]
[Date "2014.06.13"]
[Round "9"]
[White "Kueck, Artur"]
[Black "Wolterink, Jule"]
[Result "1-0"]
[WhiteElo "1490"]
[BlackElo "943"]
[PlyCount "149"]
[EventDate "2014.06.08"]
[EventType "swiss"]
[EventRounds "11"]
[EventCountry "GER"]
[SourceTitle "CBM 160 Extra"]
[Source "ChessBase"]
[SourceDate "2014.07.01"]
[SourceVersion "1"]
[SourceVersionDate "2014.07.01"]
[SourceQuality "1"]

1. e4 e6 2. d4 d5 3. Nc3 Nf6 4. e5 Nfd7 5. f4 c5 6. Nf3 Nc6 7. Be3 a6 8. Be2 Qb6 9. Rb1 cxd4 10. Bxd4 Bc5 11. Bxc5 Nxc5 12. Bd3 h6 13. a3 0-0 14. Qd2 Bd7 15. Qf2 Ne7 16. 0-0 Bb5 17. b4 Nd7 18. Qxb6 Nxb6 19. Bxb5 axb5 20. Nxb5 Nc4 21. Ra1 Nf5 22. Rfc1 Rfc8 23. c3 Nfe3 24. Nfd4 Rd8 25. Nc2 Nf5 26. Ra2 Kh7 27. a4 Kg8 28. Nbd4 Ne7 29. Kf2 Kh7 30. Ne3 Nb6 31. a5 Nd7 32. Nb5 Kg8 33. Rac2 Ng6 34. g3 Rdc8 35. c4 dxc4 36. Rxc4 Rd8 37. Nd6 Ndf8 38. Rc8 Kh7 39. Rxa8 Rxa8 40. Nxf7 Kg8 41. Nd6 Rd8 42. Rc7 Kh8 43. Rxb7 Ra8 44. Nec4 Kg8 45. Nb6 Rd8 46. Rc7 Kh7 47. Rc8 Rxc8 48. Ndxc8 Kh8 49. a6 Kg8 50. a7 Kh7 51. a8Q Kh8 52. Qb7 Kg8 53. Ne7+ Kh7 54. Nxg6 Nxg6 55. Qf7 Nh8 56. Qe8 Ng6 57. Nd7 h5 58. Nf8+ Nxf8 59. Qxf8 Kh6 60. Qh8+ Kg6 61. Qe8+ Kh6 62. Qxe6+ Kh7 63. g4 hxg4 64. Qxg4 Kg8 65. Qxg7+ Kxg7 66. b5 Kf7 67. b6 Kg6 68. b7 Kf5 69. b8Q Kxf4 70. e6+ Kg4 71. Qf8 Kg5 72. h4+ Kg6 73. Qf7+ Kh6 74. Qg8 Kh5 75. Qg5# 1-0

[Event "GER-ch U12"]
[Site "Magdeburg"]
[Date "2014.06.13"]
[Round "10"]
[White "Roehr, Tobias"]
[Black "Kueck, Artur"]
[Result "1/2-1/2"]
[WhiteElo "1588"]
[BlackElo "1490"]
[PlyCount "83"]
[EventDate "2014.06.08"]
[EventType "swiss"]
[EventRounds "11"]
[EventCountry "GER"]
[SourceTitle "CBM 160 Extra"]
[Source "ChessBase"]
[SourceDate "2014.07.01"]
[SourceVersion "1"]
[SourceVersionDate "2014.07.01"]
[SourceQuality "1"]

1. d4 d5 2. c4 c6 3. Nc3 Nf6 4. Qc2 Bg4 5. Bf4 dxc4 6. e3 e6 7. Bxc4 Bd6 8. Bg3 Bxg3 9. hxg3 Nbd7 10. Nge2 Nb6 11. Bd3 Bxe2 12. Nxe2 h6 13. Nf4 Nbd5 14. Qc5 Qe7 15. Nxd5 Nxd5 16. Rc1 Qxc5 17. Rxc5 Nb4 18. Bb1 Ke7 19. a3 Na6 20. Rc3 Rac8 21. Rb3 b6 22. Bd3 Nb8 23. Rc3 Nd7 24. Ke2 e5 25. Rh4 g5 26. Rh1 exd4 27. exd4 Nf6 28. Rhc1 Kd6 29. Bb5 c5 30. dxc5+ Rxc5 31. Rd3+ Ke6 32. Re3+ Kd6 33. Rd1+ Rd5 34. Rf3 Ke7 35. Rxd5 Nxd5 36. Bc4 Nf6 37. Re3+ Kf8 38. Bb3 Kg7 39. Rc3 Re8+ 40. Kd1 Re7 41. Bc2 Rd7+ 42. Kc1 1/2-1/2

[Event "GER-ch U12"]
[Site "Magdeburg"]
[Date "2014.06.12"]
[Round "8"]
[White "Kueck, Artur"]
[Black "Muetsch, Annmarie"]
[Result "0-1"]
[WhiteElo "1490"]
[BlackElo "1686"]
[PlyCount "62"]
[EventDate "2014.06.08"]
[EventType "swiss"]
[EventRounds "11"]
[EventCountry "GER"]
[SourceTitle "CBM 160 Extra"]
[Source "ChessBase"]
[SourceDate "2014.07.01"]
[SourceVersion "1"]
[SourceVersionDate "2014.07.01"]
[SourceQuality "1"]

1. d4 d5 2. c4 e6 3. Nc3 Nf6 4. cxd5 Nxd5 5. e4 Nxc3 6. bxc3 c5 7. Nf3 Nc6 8. Bb5 Bd7 9. d5 exd5 10. exd5 Ne7 11. Bxd7+ Qxd7 12. c4 0-0-0 13. 0-0 f6 14. Bb2 Nf5 15. Qb3 Bd6 16. Rfb1 Qc7 17. a4 Rhf8 18. Bc3 g5 19. h3 h5 20. a5 g4 21. hxg4 hxg4 22. Nd2 Bh2+ 23. Kf1 g3 24. fxg3 Rde8 25. Re1 Ne3+ 26. Rxe3 Rxe3 27. Nf3 Bxg3 28. Qc2 Qf4 29. Rd1 Rxf3+ 30. gxf3 Qxf3+ 31. Kg1 Rh8 0-1

[Event "GER-ch U12"]
[Site "Magdeburg"]
[Date "2014.06.08"]
[Round "1"]
[White "Tong, Kevin"]
[Black "Kueck, Artur"]
[Result "1-0"]
[WhiteElo "1884"]
[BlackElo "1490"]
[PlyCount "39"]
[EventDate "2014.06.08"]
[EventType "swiss"]
[EventRounds "11"]
[EventCountry "GER"]
[SourceTitle "CBM 160 Extra"]
[Source "ChessBase"]
[SourceDate "2014.07.01"]
[SourceVersion "1"]
[SourceVersionDate "2014.07.01"]
[SourceQuality "1"]

1. e4 d5 2. exd5 Nf6 3. Nc3 Nxd5 4. Bc4 Nxc3 5. bxc3 e6 6. Nf3 Bd6 7. 0-0 0-0 8. d4 b6 9. Bd3 Bb7 10. Qe2 c5 11. Rd1 Qc7 12. dxc5 Bxc5 13. c4 Nd7 14. Bb2 Rfd8 15. Ng5 h6 16. Nxe6 Qc6 17. Qg4 g5 18. Nxd8 Rxd8 19. Bf5 h5 20. Qxg5+ 1-0

[Event "Niedersachsen-ch U12"]
[Site "Norderney"]
[Date "2014.04.15"]
[Round "7"]
[White "Santos, Leonardo"]
[Black "Kueck, Artur"]
[Result "1/2-1/2"]
[WhiteElo "1451"]
[BlackElo "1393"]
[PlyCount "77"]
[EventDate "2014.04.??"]
[EventType "swiss"]
[EventRounds "11"]
[EventCountry "GER"]
[SourceTitle "EXT 2017"]
[Source "ChessBase"]
[SourceDate "2016.10.25"]
[SourceVersion "1"]
[SourceVersionDate "2016.10.25"]
[SourceQuality "1"]

1. e4 d6 2. d4 Nf6 3. Nc3 e5 4. dxe5 dxe5 5. Qxd8+ Kxd8 6. Nf3 Bd6 7. h3 Be6 8. Ng5 Ke7 9. Nxe6 Kxe6 10. Bc4+ Ke7 11. Bg5 c6 12. 0-0-0 Bc7 13. f4 h6 14. Bxf6+ gxf6 15. f5 Rf8 16. Rd2 Nd7 17. Rhd1 Rad8 18. g4 Nb6 19. Bd3 Rd6 20. Rg2 Rg8 21. h4 Rdd8 22. Rdg1 Nd7 23. Rg3 b5 24. a3 Bb6 25. R1g2 a5 26. Na2 Nc5 27. Rd2 Nxd3+ 28. cxd3 Bd4 29. Rdg2 Kd7 30. Nc3 Kc7 31. Kc2 Kb6 32. g5 fxg5 33. hxg5 hxg5 34. Rxg5 Rxg5 35. Rxg5 Be3 36. Rg7 f6 37. Re7 Bg5 38. Rh7 Ka6 39. Rc7 1/2-1/2

[Event "Niedersachsen-ch op-B"]
[Site "Verden"]
[Date "2014.01.03"]
[Round "4"]
[White "Gottlieb, Timo"]
[Black "Kueck, Artur"]
[Result "1-0"]
[WhiteElo "1587"]
[BlackElo "1409"]
[PlyCount "101"]
[EventDate "2014.01.02"]
[EventType "swiss"]
[EventRounds "7"]
[EventCountry "GER"]
[SourceTitle "EXT 2016"]
[Source "ChessBase"]
[SourceDate "2015.10.08"]
[SourceVersion "1"]
[SourceVersionDate "2015.10.08"]
[SourceQuality "1"]

1. e4 d5 2. exd5 Nf6 3. Nf3 Nxd5 4. d4 Bf5 5. c4 Nf6 6. Nc3 e6 7. Bg5 Nbd7 8. Bd3 Bb4 9. Qc2 Bxd3 10. Qxd3 h6 11. Bh4 0-0 12. 0-0 c6 13. Ne4 Be7 14. Bg3 Nxe4 15. Qxe4 Bf6 16. Rad1 Nb6 17. b3 Qd7 18. Be5 Rad8 19. Bxf6 gxf6 20. Qf4 Kg7 21. Rd3 Rg8 22. Nh4 Kh7 23. Qxf6 Rg7 24. Rfd1 Rdg8 25. Rh3 Rg6 26. Nxg6 Rxg6 27. Qf4 e5 28. Qe3 Qg4 29. Qf3 Qxf3 30. Rxf3 exd4 31. Rxf7+ Kg8 32. Rxb7 Re6 33. Kf1 c5 34. Re1 Rxe1+ 35. Kxe1 Kf8 36. Rxa7 Ke8 37. Ra6 Nd7 38. Rxh6 Ke7 39. Rh7+ Ke6 40. Rxd7 Kxd7 41. h4 Ke6 42. Ke2 Kf5 43. f3 Kf4 44. a4 Kg3 45. a5 Kxg2 46. a6 d3+ 47. Kxd3 Kxf3 48. a7 Kf2 49. a8Q Ke1 50. Qg2 Kd1 51. Qd2# 1-0

[Event "GER-chT North U12"]
[Site "Magdeburg"]
[Date "2013.09.13"]
[Round "4.1"]
[White "Pfreundt, Mathis"]
[Black "Kueck, Artur"]
[Result "1/2-1/2"]
[WhiteElo "1473"]
[BlackElo "1212"]
[PlyCount "107"]
[EventDate "2013.09.12"]
[EventType "team-swiss"]
[EventRounds "7"]
[EventCountry "GER"]
[SourceTitle "EXT 2014"]
[Source "ChessBase"]
[SourceDate "2013.11.20"]
[SourceVersion "1"]
[SourceVersionDate "2013.11.20"]
[SourceQuality "1"]
[WhiteTeam "Hamburg Koenigsspringer"]
[BlackTeam "Peine"]
[WhiteTeamCountry "GER"]
[BlackTeamCountry "GER"]

1. e4 d5 2. exd5 Qxd5 3. Nc3 Qa5 4. d4 c6 5. Bc4 Nf6 6. Qe2 Bf5 7. Bd2 Qc7 8. Nf3 e6 9. 0-0-0 Nbd7 10. h3 Bd6 11. Rhe1 0-0-0 12. g4 Bg6 13. Ne5 Bxe5 14. dxe5 Nd5 15. Nxd5 exd5 16. Bb3 Rde8 17. f4 Be4 18. Bc3 Nb6 19. a3 Rhg8 20. Qf2 h6 21. Bb4 Qd7 22. Bc5 Qc7 23. Bd6 Qd7 24. Bb4 Qc7 25. Bd6 Qd7 26. Bb4 Qc7 27. Ba5 g6 28. Bxb6 Qxb6 29. Qxb6 axb6 30. Rxe4 dxe4 31. Bxf7 Rd8 32. Bxg8 Rxg8 33. Re1 e3 34. Rxe3 Rf8 35. Rf3 Kd7 36. Kd2 Ke6 37. Ke3 Kd5 38. b3 b5 39. Kd3 g5 40. c4+ bxc4+ 41. bxc4+ Ke6 42. Ke4 gxf4 43. Rxf4 Rd8 44. Rf6+ Ke7 45. Rxh6 Ra8 46. Rh7+ Ke6 47. Rxb7 Rxa3 48. Rh7 Ra4 49. Rh6+ Kd7 50. Kd4 Ra6 51. Rh7+ Ke6 52. g5 c5+ 53. Ke4 Ra7 54. Rxa7 1/2-1/2

[Event "GER-chT North U12"]
[Site "Magdeburg"]
[Date "2013.09.12"]
[Round "1.1"]
[White "Petersen, Marcel"]
[Black "Kueck, Artur"]
[Result "1-0"]
[WhiteElo "1517"]
[BlackElo "1212"]
[PlyCount "143"]
[EventDate "2013.09.12"]
[EventType "team-swiss"]
[EventRounds "7"]
[EventCountry "GER"]
[SourceTitle "EXT 2014"]
[Source "ChessBase"]
[SourceDate "2013.11.20"]
[SourceVersion "1"]
[SourceVersionDate "2013.11.20"]
[SourceQuality "1"]
[WhiteTeam "Treptow"]
[BlackTeam "Peine"]
[WhiteTeamCountry "GER"]
[BlackTeamCountry "GER"]

1. e4 d5 2. exd5 Qxd5 3. Nc3 Qa5 4. d4 c6 5. Nf3 Nf6 6. Be2 Bf5 7. 0-0 e6 8. Bf4 Bb4 9. Bd2 Nbd7 10. h3 Be7 11. Bc4 Qc7 12. Re1 0-0 13. Bg5 Bd6 14. Bd3 Bxd3 15. Qxd3 h6 16. Bh4 Rfe8 17. Rad1 Nd5 18. Nxd5 exd5 19. Qf5 Nf8 20. Bg3 Ng6 21. c3 Rad8 22. b4 b5 23. Ne5 Bxe5 24. dxe5 Re6 25. f4 Rde8 26. Qd3 R6e7 27. Re2 Qb6+ 28. Qd4 Qc7 29. Rde1 f6 30. e6 a6 31. f5 Ne5 32. Bxe5 fxe5 33. Rxe5 Rf8 34. g4 Rf6 35. Kg2 a5 36. Qc5 a4 37. h4 g6 38. Qd4 Kh7 39. Rxd5 Rfxe6 40. Rxe6 cxd5 41. fxg6+ Kg8 42. Qxd5 Rxe6 43. Qxe6+ Kg7 44. Qf7+ Qxf7 45. gxf7 Kxf7 46. Kf3 Kf6 47. Kf4 Kg6 48. Ke5 h5 49. gxh5+ Kxh5 50. Kd5 Kxh4 51. Kc5 Kg4 52. Kxb5 Kf4 53. c4 Ke5 54. Kxa4 Kd4 55. Kb5 Ke5 56. a4 Kd6 57. Kb6 Kd7 58. Kb7 Kd6 59. a5 Kd7 60. a6 Kd6 61. a7 Kd7 62. a8Q Kd6 63. Qc8 Ke7 64. Qc6 Kf7 65. Qd6 Kg7 66. Qe6 Kh7 67. Qg4 Kh6 68. Kc7 Kh7 69. Kd7 Kh6 70. Ke7 Kh7 71. Kf7 Kh6 72. Qg6# 1-0

[Event "Niedersachsen-ch U12"]
[Site "Rotenburg"]
[Date "2013.03.28"]
[Round "9"]
[White "Kueck, Artur"]
[Black "Santos, Leonardo"]
[Result "0-1"]
[WhiteElo "1207"]
[BlackElo "1378"]
[PlyCount "56"]
[EventDate "2013.03.23"]
[EventType "swiss"]
[EventRounds "11"]
[EventCountry "GER"]
[SourceTitle "EXT 2015"]
[Source "ChessBase"]
[SourceDate "2014.11.20"]
[SourceVersion "1"]
[SourceVersionDate "2014.11.20"]
[SourceQuality "1"]

1. e4 c5 2. Nf3 Nc6 3. d4 cxd4 4. Nxd4 d6 5. Nc3 Nf6 6. f3 g6 7. Be3 Bg7 8. Qd2 0-0 9. h4 h5 10. Be2 d5 11. Nxc6 bxc6 12. 0-0-0 Qc7 13. exd5 Nxd5 14. Nxd5 cxd5 15. g4 Rb8 16. c3 Qa5 17. Qxd5 Qa4 18. Qc4 Qa5 19. Qd5 Qc7 20. Qd2 Be6 21. Bf4 Be5 22. Bxe5 Qxe5 23. b3 Rfe8 24. Kc2 a5 25. c4 a4 26. gxh5 a3 27. Rb1 Bf5+ 28. Bd3 Rbd8 0-1

[Event "Niedersachsen-ch U12"]
[Site "Rotenburg"]
[Date "2013.03.23"]
[Round "1"]
[White "Laubrock, Paul"]
[Black "Kueck, Artur"]
[Result "0-1"]
[WhiteElo "1671"]
[BlackElo "1207"]
[PlyCount "94"]
[EventDate "2013.03.23"]
[EventType "swiss"]
[EventRounds "11"]
[EventCountry "GER"]
[SourceTitle "EXT 2015"]
[Source "ChessBase"]
[SourceDate "2014.11.20"]
[SourceVersion "1"]
[SourceVersionDate "2014.11.20"]
[SourceQuality "1"]

1. e4 d5 2. exd5 Qxd5 3. Nc3 Qa5 4. d4 c6 5. Nf3 Nf6 6. Bd3 Bg4 7. h3 Qh5 8. Be2 e6 9. 0-0 Bxf3 10. Bxf3 Qa5 11. Re1 Bb4 12. Bd2 Nbd7 13. a3 Bd6 14. Qe2 Qc7 15. Bg5 0-0 16. Ne4 Nxe4 17. Bxe4 Bf4 18. Qg4 Bh2+ 19. Kh1 f5 20. Qe2 fxe4 21. g3 Bxg3 22. fxg3 Qxg3 23. Qg2 Rf3 24. Rxe4 Qxh3+ 25. Qxh3 Rxh3+ 26. Kg2 Rh5 27. Bd2 e5 28. Rae1 exd4 29. Rxd4 Nf6 30. Re7 b6 31. Rd6 Rd5 32. Rxd5 Nxd5 33. Re6 c5 34. Rd6 Nf6 35. Bc3 Ne4 36. Rd7 Nxc3 37. bxc3 h6 38. Kg3 Kh7 39. Kf4 Rf8+ 40. Kg3 a5 41. c4 Rf6 42. Rd5 g5 43. Rd7+ Kg6 44. Rd8 Kf7 45. Rd7+ Ke6 46. Rh7 Ke5 47. Rd7 Re6 0-1

[Event "Niedersachsen-ch op-C"]
[Site "Verden"]
[Date "2013.01.03"]
[Round "2"]
[White "Mueller, Friederike"]
[Black "Kueck, Artur"]
[Result "0-1"]
[WhiteElo "812"]
[BlackElo "1163"]
[PlyCount "74"]
[EventDate "2013.01.03"]
[EventType "swiss"]
[EventRounds "7"]
[EventCountry "GER"]
[SourceTitle "EXT 2021"]
[Source "ChessBase"]
[SourceDate "2020.10.23"]
[SourceVersion "1"]
[SourceVersionDate "2020.10.23"]
[SourceQuality "1"]

1. e4 d5 2. exd5 Qxd5 3. Nc3 Qa5 4. d4 c6 5. Nf3 Nf6 6. Bf4 Bg4 7. Be2 e6 8. Bxb8 Rxb8 9. Ne5 Bxe2 10. Qxe2 Bb4 11. 0-0 Bxc3 12. bxc3 Qxc3 13. Qd3 Qxd3 14. Nxd3 0-0 15. Ne5 Rfd8 16. c3 Ne4 17. Rac1 Rd6 18. Rfe1 Nf6 19. Nc4 Rd7 20. Ne5 Rd5 21. Red1 Rbd8 22. a4 c5 23. g3 h6 24. Kf1 cxd4 25. Rxd4 Rxd4 26. cxd4 Rxd4 27. Rc8+ Kh7 28. Nf3 Rxa4 29. Rc7 b5 30. Ke1 b4 31. Kd1 b3 32. Kc1 Rb4 33. Kb2 a5 34. Rc3 a4 35. Ne5 Ne4 36. Re3 Nxf2 37. Nxf7 Nd1+ 0-1

[Event "GER-ch U10"]
[Site "Oberhof"]
[Date "2012.06.01"]
[Round "10"]
[White "Kopylov, Daniel"]
[Black "Kueck, Artur"]
[Result "1-0"]
[WhiteElo "1623"]
[BlackElo "1212"]
[PlyCount "121"]
[EventDate "2012.05.27"]
[EventType "swiss"]
[EventRounds "11"]
[EventCountry "GER"]
[SourceTitle "CBM 148 Extra"]
[Source "ChessBase"]
[SourceDate "2012.06.22"]
[SourceVersion "1"]
[SourceVersionDate "2012.06.22"]
[SourceQuality "1"]

1. d4 d5 2. c4 e6 3. cxd5 exd5 4. Nc3 c6 5. Bf4 Nf6 6. e3 Bf5 7. Bd3 Bxd3 8. Qxd3 Bd6 9. Bxd6 Qxd6 10. Nf3 Nbd7 11. 0-0 0-0-0 12. Rfc1 Rdg8 13. Nb5 Qb8 14. Qa3 a6 15. Nd6+ Kd8 16. Nxf7+ Ke8 17. Nxh8 Rxh8 18. Nh4 Ng4 19. g3 Rf8 20. Rf1 g5 21. Ng2 h5 22. Qd3 Rf7 23. Qg6 Ndf6 24. f3 Nxh2 25. Kxh2 h4 26. Qxg5 hxg3+ 27. Qxg3 Rh7+ 28. Nh4 Rxh4+ 29. Kg2 Qxg3+ 30. Kxg3 Rh7 31. Rh1 Re7 32. Rae1 Rg7+ 33. Kf2 Rf7 34. Ke2 Kd7 35. Kd3 Rg7 36. Reg1 Re7 37. Rh6 Ne8 38. Rgh1 Kc7 39. Rh7 Rxh7 40. Rxh7+ Kb6 41. f4 Nf6 42. Rh6 Ne4 43. f5 Kc7 44. Re6 Kd7 45. Rxe4 dxe4+ 46. Kxe4 b5 47. Ke5 Ke8 48. Ke6 a5 49. f6 c5 50. dxc5 b4 51. e4 a4 52. e5 b3 53. axb3 axb3 54. c6 Kd8 55. f7 Kc7 56. f8Q Kxc6 57. Qd6+ Kb5 58. Kd5 Ka4 59. Kc5 Ka5 60. Qb6+ Ka4 61. Qb4# 1-0